[Event "Toronto op"]
[Site "Toronto CAN"]
[Date "1979.04.15"]
[Round "6"]
[White "Brodie, Hugh"]
[Black "Pauric, Ivan"]
[Result "0-1"]
[WhiteElo "1924"]
[BlackElo "1802"]
[PlyCount "140"]
[EventDate "1979.04.13"]
[EventType "swiss"]
[EventRounds "6"]
[EventCountry "CAN"]

1. f4 e5 2. fxe5 d6 3. exd6 Bxd6 4. Nf3 Bg4 5. e4 Qe7 6. Nc3 f5 7. d3 Bb4 8.
Qe2 fxe4 9. Qxe4 Nc6 10. Qxe7+ Ngxe7 11. Be2 Bxf3 12. Bxf3 Nd4 13. Bd1 O-O 14.
Rf1 Nd5 15. Rxf8+ Rxf8 16. Bd2 Re8+ 17. Kf2 Rf8+ 18. Ke1 Re8+ 19. Ne4 Ne3 20.
Rc1 Nxg2+ 21. Kf2 Bxd2 22. Nxd2 Nf4 23. Ne4 b6 24. Ke3 Nfe6 25. c3 Nf5+ 26. Kf3
Rf8 27. Ke2 Nf4+ 28. Kd2 g6 29. Bb3+ Kg7 30. Re1 h6 31. Nf2 h5 32. d4 Ng2 33.
Re2 Ngh4 34. Bd5 Rd8 35. Be4 Rd7 36. Nd3 c5 37. d5 Nd6 38. Bh1 Nc4+ 39. Kc2 Nf5
40. Nf4 Re7 41. Rxe7+ Nxe7 42. b3 Nd6 43. Kd3 h4 44. b4 cxb4 45. cxb4 g5 46.
Ne6+ Kf6 47. Nd4 g4 48. Nc6 Nec8 49. a4 Kf5 50. a5 Kf4 51. axb6 axb6 52. Nb8
Nf5 53. Nd7 h3 54. Nf6 Ncd6 55. Nh5+ Ke5 56. Ke2 Ne4 57. Bxe4 Kxe4 58. d6 Nxd6
59. Ng3+ Kf4 60. Nh5+ Ke4 61. Ng3+ Ke5 62. Nf1 Nf5 63. Kf2 Kd4 64. Ng3 Ke5 65.
Nf1 b5 66. Nd2 Kd4 67. Nf1 Kc3 68. Ng3 Nxg3 69. Kxg3 Kxb4 70. Kxg4 Kc4 0-1

[Event "Ottawa op"]
[Site "Ottawa CAN"]
[Date "1979.03.17"]
[Round "1"]
[White "Brodie, Hugh"]
[Black "Dale, Larry"]
[Result "1-0"]
[WhiteElo "1780"]
[BlackElo "1613"]
[PlyCount "41"]
[EventDate "1979.03.17"]
[EventType "swiss"]
[EventRounds "5"]
[EventCountry "CAN"]

1. e4 e6 2. d3 d5 3. Nd2 Nf6 4. Ngf3 c5 5. g3 Nc6 6. Bg2 Be7 7. O-O b6 8. Re1
Bb7 9. e5 Nd7 10. Nf1 g5 11. g4 h5 12. h3 hxg4 13. hxg4 Qc7 14. Qe2 O-O-O 15.
c3 Ba6 16. Bd2 Ndxe5 17. Nxe5 Nxe5 18. Qxe5 Bd6 19. Qe2 Bh2+ 20. Nxh2 Rxh2 21.
Qe5 1-0

[Event "Ottawa op"]
[Site "Ottawa CAN"]
[Date "1979.03.17"]
[Round "2"]
[White "Brodie, Hugh"]
[Black "Mann, J."]
[Result "0-1"]
[WhiteElo "1780"]
[BlackElo "1618"]
[PlyCount "73"]
[EventDate "1979.03.17"]
[EventType "swiss"]
[EventRounds "5"]
[EventCountry "CAN"]

1. e4 e5 2. Nc3 Nf6 3. f4 d5 4. fxe5 Nxe4 5. Nf3 Be7 6. d4 Nc6 7. Bb5 O-O 8.
O-O Bf5 9. Qe2 Nb4 10. Ba4 Bg6 11. a3 Nc6 12. Bb3 Nxc3 13. bxc3 Na5 14. Be3 c6
15. Qd2 b5 16. a4 Nc4 17. Qe2 Nxe3 18. Qxe3 Qc7 19. axb5 cxb5 20. Bxd5 Rac8 21.
Bb3 a5 22. e6 f6 23. Nh4 a4 24. Nxg6 hxg6 25. Bd5 Qxc3 26. Qxc3 Rxc3 27. Be4 f5
28. Bd3 a3 29. Rfe1 b4 30. Kf2 b3 31. Ke2 b2 32. Ra2 Bb4 33. Rf1 Re8 34. d5 Rd8
35. g4 Rxd5 36. gxf5 gxf5 37. Kf3 0-1

[Event "Ottawa op"]
[Site "Ottawa CAN"]
[Date "1979.03.17"]
[Round "3"]
[White "Webb, Robert"]
[Black "Brodie, Hugh"]
[Result "1/2-1/2"]
[WhiteElo "1540"]
[BlackElo "1780"]
[PlyCount "81"]
[EventDate "1979.03.17"]
[EventType "swiss"]
[EventRounds "5"]
[EventCountry "CAN"]

1. e4 c5 2. Nc3 Nc6 3. g3 g6 4. Bg2 Bg7 5. d3 d6 6. f4 e6 7. Nf3 Nge7 8. Be3
Rb8 9. O-O b5 10. Rb1 Nd4 11. Qd2 b4 12. Ne2 Nec6 13. Nexd4 Nxd4 14. c3 Nxf3+
15. Bxf3 a5 16. d4 Ba6 17. Rfc1 cxd4 18. cxd4 O-O 19. Rc2 Qd7 20. Rbc1 Rfc8 21.
b3 Rxc2 22. Rxc2 Rc8 23. Kf2 Bf6 24. Be2 Bb7 25. Bd3 Bd8 26. Rxc8 Qxc8 27. Qc2
Qxc2+ 28. Bxc2 Ba6 29. Ke1 d5 30. exd5 exd5 31. f5 Kg7 32. fxg6 fxg6 33. Kf2
Kf6 34. Kf3 Bc8 35. g4 Ba6 36. h4 Bb6 37. g5+ Kg7 38. Bf2 Bb5 39. Ke3 Bc7 40.
Kf3 Bb6 41. Ke3 1/2-1/2

[Event "Ottawa op"]
[Site "Ottawa CAN"]
[Date "1979.03.18"]
[Round "4"]
[White "Daku, Zoltan"]
[Black "Brodie, Hugh"]
[Result "0-1"]
[WhiteElo "1637"]
[BlackElo "1780"]
[PlyCount "88"]
[EventDate "1979.03.17"]
[EventType "swiss"]
[EventRounds "5"]
[EventCountry "CAN"]

1. d4 e6 2. c4 Bb4+ 3. Nc3 f5 4. Nf3 Nf6 5. Bg5 b6 6. e3 Bb7 7. g3 O-O 8. Bg2
d6 9. O-O Bxc3 10. bxc3 Nbd7 11. d5 e5 12. Bh3 h6 13. Bxf5 hxg5 14. Be6+ Kh8
15. Nxg5 Qe7 16. Qa4 Nc5 17. Qc2 Bc8 18. Qf5 Bxe6 19. dxe6 Rae8 20. f4 Nxe6 21.
Qh3+ Kg8 22. Nxe6 Qxe6 23. Qxe6+ Rxe6 24. f5 Re7 25. Kg2 Ne4 26. Rac1 Nd2 27.
Rf2 Nxc4 28. e4 c6 29. g4 d5 30. Kg3 Nd6 31. Rf3 Nxe4+ 32. Kg2 Ng5 33. Re3 e4
34. h4 Nf3 35. Kg3 Ne5 36. Rce1 g6 37. Rf1 gxf5 38. gxf5 Rg7+ 39. Kh3 Nf3 40.
c4 Rxf5 41. cxd5 cxd5 42. Re2 Rf4 43. Rxf3 Rxf3+ 44. Kh2 e3 0-1

[Event "Ottawa op"]
[Site "Ottawa CAN"]
[Date "1979.03.18"]
[Round "5"]
[White "Brodie, Hugh"]
[Black "Edwards, Geoffrey"]
[Result "1-0"]
[WhiteElo "1780"]
[BlackElo "1709"]
[PlyCount "45"]
[EventDate "1979.03.17"]
[EventType "swiss"]
[EventRounds "5"]
[EventCountry "CAN"]

1. f4 e5 2. fxe5 d6 3. exd6 Bxd6 4. Nf3 Bg4 5. e4 f5 6. exf5 Nd7 7. Be2 Bxf3 8.
Bxf3 Qh4+ 9. g3 Bxg3+ 10. hxg3 Qxg3+ 11. Kf1 O-O-O 12. d3 Ne5 13. Bg2 Rf8 14.
Rh5 g6 15. Rh3 Rxf5+ 16. Kg1 Qf2+ 17. Kh1 Ne7 18. Be3 Ng4 19. Qxg4 Qe1+ 20. Kh2
h5 21. Qe4 Nc6 22. Qe6+ Kb8 23. Bxa7+ 1-0

[Event "Winter/Hiver op"]
[Site "Montreal CAN"]
[Date "1979.02.02"]
[Round "1"]
[White "Callahan, Reynald"]
[Black "Brodie, Hugh"]
[Result "0-1"]
[WhiteElo "1432"]
[BlackElo "1780"]
[PlyCount "78"]
[EventDate "1979.02.02"]
[EventType "swiss"]
[EventRounds "5"]
[EventCountry "CAN"]

1. e4 c5 2. Nf3 Nc6 3. d4 cxd4 4. Nxd4 Nf6 5. Nc3 g6 6. Be2 Bg7 7. Be3 O-O 8.
O-O d5 9. Nxc6 bxc6 10. e5 Nd7 11. f4 e6 12. Qe1 c5 13. Nb5 Qe7 14. Nd6 f6 15.
Nxc8 Raxc8 16. exf6 Bxf6 17. c3 e5 18. f5 gxf5 19. Bh6 Bg7 20. Qg3 Kh8 21. Qh3
Bxh6 22. Qxh6 Qf6 23. Qh3 Nb6 24. Rf2 f4 25. Raf1 Qg5 26. Bg4 Rc6 27. Qf3 Rg6
28. h3 e4 29. Qd1 Nc4 30. Re1 Rfg8 31. Qc1 Ne3 32. Rxe3 fxe3 33. Re2 d4 34.
cxd4 cxd4 35. Qc4 Qe5 36. b3 Rh6 37. Qb4 Qd6 38. Qc5 Rxg4 39. hxg4 Qh2+ 0-1

[Event "Winter/Hiver op"]
[Site "Montreal CAN"]
[Date "1979.02.03"]
[Round "2"]
[White "Brodie, Hugh"]
[Black "Spraggett, Kevin"]
[Result "0-1"]
[WhiteElo "1780"]
[BlackElo "2388"]
[PlyCount "86"]
[EventDate "1979.02.02"]
[EventType "swiss"]
[EventRounds "5"]
[EventCountry "CAN"]

1. Nf3 c5 2. g3 Nc6 3. Bg2 g6 4. O-O Bg7 5. d3 e6 6. c4 Nge7 7. Nc3 O-O 8. Bd2
d5 9. Qc1 b6 10. Bh6 Bb7 11. Bxg7 Kxg7 12. Rd1 d4 13. Nb5 Qd7 14. Qf4 f6 15.
Qc7 Rad8 16. Nd2 Qxc7 17. Nxc7 Kf7 18. Nb5 Rd7 19. Ne4 Rfd8 20. b3 h6 21. Na3
f5 22. Nd2 Nb4 23. Rdc1 Bxg2 24. Kxg2 e5 25. f3 Nec6 26. Nc2 a5 27. a3 Na6 28.
a4 Ncb4 29. Na3 Nc7 30. Nc2 Ne6 31. Nxb4 cxb4 32. Rab1 Nc5 33. Kf2 Re7 34. Rd1
h5 35. h3 h4 36. Rb2 hxg3+ 37. Kxg3 Kf6 38. h4 Rh8 39. Rh1 Rh5 40. Rh2 Reh7 41.
Rb1 g5 42. Rbh1 gxh4+ 43. Rxh4 f4+ 0-1

[Event "Winter/Hiver op"]
[Site "Montreal CAN"]
[Date "1979.02.03"]
[Round "3"]
[White "Dupuis, Stephane"]
[Black "Brodie, Hugh"]
[Result "0-1"]
[WhiteElo "1695"]
[BlackElo "1780"]
[PlyCount "52"]
[EventDate "1979.02.02"]
[EventType "swiss"]
[EventRounds "5"]
[EventCountry "CAN"]

1. c4 e5 2. Nc3 Nc6 3. Nf3 g6 4. g3 Bg7 5. Bg2 d6 6. d3 Nge7 7. O-O O-O 8. Bd2
Bd7 9. Rb1 Qc8 10. b4 Bh3 11. b5 Bxg2 12. Kxg2 Nd8 13. a4 f5 14. a5 Ne6 15. Nd5
Qd7 16. Nxe7+ Qxe7 17. Qc1 f4 18. e3 g5 19. exf4 gxf4 20. Nh4 Nd4 21. Qd1 Qd7
22. Bc3 f3+ 23. Kh1 Ne2 24. Bb4 Qg4 25. Re1 Bf6 26. Rg1 Nxg1 0-1

[Event "Winter/Hiver op"]
[Site "Montreal CAN"]
[Date "1979.02.04"]
[Round "4"]
[White "Robillard, Jean"]
[Black "Brodie, Hugh"]
[Result "1/2-1/2"]
[WhiteElo "1908"]
[BlackElo "1780"]
[PlyCount "70"]
[EventDate "1979.02.02"]
[EventType "swiss"]
[EventRounds "5"]
[EventCountry "CAN"]

1. e4 c5 2. Nf3 Nc6 3. d4 cxd4 4. Nxd4 g6 5. Be3 Bg7 6. c4 Nf6 7. Nc3 Ng4 8.
Qxg4 Nxd4 9. Qd1 Ne6 10. Rc1 d6 11. Be2 O-O 12. O-O Nc5 13. Bd4 Bd7 14. Bxg7
Kxg7 15. b4 Ne6 16. Qd2 Bc6 17. Nd5 Rc8 18. Qe3 b6 19. f4 Bxd5 20. exd5 Nc7 21.
Bg4 Ra8 22. b5 Ne8 23. Rce1 Nf6 24. Bh3 Re8 25. g4 Nd7 26. g5 Qc7 27. Bxd7 Qxd7
28. f5 gxf5 29. Qd4+ Kg8 30. Rf3 e5 31. Qh4 f4 32. Rh3 Qf5 33. Kh1 Kh8 34. Rg1
Qe4+ 35. Rg2 Qb1+ 1/2-1/2

[Event "Winter/Hiver op"]
[Site "Montreal CAN"]
[Date "1979.02.04"]
[Round "5"]
[White "Brodie, Hugh"]
[Black "Plante, Rejean"]
[Result "1-0"]
[WhiteElo "1780"]
[BlackElo "1682"]
[PlyCount "39"]
[EventDate "1979.02.02"]
[EventType "swiss"]
[EventRounds "5"]
[EventCountry "CAN"]

1. e4 c5 2. Nf3 d6 3. Nc3 g6 4. d3 Bg7 5. g3 Bd7 6. Bg2 Nf6 7. O-O O-O 8. Nh4
Nc6 9. f4 e6 10. f5 exf5 11. exf5 Ne8 12. Nd5 g5 13. f6 gxh4 14. fxg7 Kxg7 15.
Qh5 Kg8 16. Bh6 f5 17. Bxf8 Kxf8 18. Qxh7 Ne7 19. Rae1 Ng8 20. Nf4 1-0

[Event "Burlington VT"]
[Site "Burlington USA"]
[Date "1979.01.12"]
[Round "1"]
[White "Sinclair, Curtis"]
[Black "Brodie, Hugh"]
[Result "0-1"]
[WhiteElo "1448"]
[BlackElo "1869"]
[PlyCount "52"]
[EventDate "1979.01.12"]
[EventType "swiss"]
[EventRounds "3"]
[EventCountry "USA"]

1. e4 c5 2. Nf3 Nc6 3. d4 cxd4 4. Nxd4 Nf6 5. Nc3 g6 6. Be3 Bg7 7. Qd2 O-O 8.
f3 d5 9. exd5 Nxd5 10. Nxc6 bxc6 11. Bh6 Bxh6 12. Qxh6 Nxc3 13. bxc3 Qa5 14.
Qe3 Bf5 15. Bd3 Qxc3+ 16. Kf2 Bxd3 17. Qxd3 Qc5+ 18. Ke2 Rfd8 19. Qe4 Rd4 20.
Qe3 Qxc2+ 21. Ke1 Rad8 22. Qe2 Qc3+ 23. Kf2 Rd2 24. Rhd1 Rxe2+ 25. Kxe2 Rd2+
26. Kf1 Qb2 0-1

[Event "Burlington VT"]
[Site "Burlington USA"]
[Date "1979.01.12"]
[Round "2"]
[White "Brodie, Hugh"]
[Black "Shaw, Alan"]
[Result "0-1"]
[WhiteElo "1869"]
[BlackElo "1991"]
[PlyCount "84"]
[EventDate "1979.01.12"]
[EventType "swiss"]
[EventRounds "3"]
[EventCountry "USA"]

1. f4 Nf6 2. Nf3 g6 3. Nc3 d5 4. e3 Bg7 5. d4 Bg4 6. h3 Bxf3 7. Qxf3 e6 8. Bd3
O-O 9. O-O Ne8 10. g4 f5 11. g5 Nd6 12. h4 Ne4 13. Kg2 Nd7 14. h5 Re8 15. Rh1
c5 16. Ne2 c4 17. Bxe4 dxe4 18. Qh3 Nb6 19. Bd2 Kf7 20. Ba5 Qd6 21. Bxb6 Qxb6
22. Rab1 Qa5 23. Nc3 b5 24. a3 Qb6 25. Qh4 Qc6 26. Ra1 Reb8 27. Rhb1 Rb7 28.
hxg6+ hxg6 29. Qf2 Rh8 30. Kg3 Rbb8 31. Rh1 a6 32. Qg2 Qa8 33. Rxh8 Rxh8 34.
Rh1 Rxh1 35. Qxh1 Kg8 36. Qd1 Qb7 37. Qd2 a5 38. Ne2 Qb6 39. c3 Bf8 40. Nc1 b4
41. axb4 axb4 42. Qc2 b3 0-1

[Event "Burlington VT"]
[Site "Burlington USA"]
[Date "1979.01.12"]
[Round "3"]
[White "Brodie, Hugh"]
[Black "Carter, David"]
[Result "0-1"]
[WhiteElo "1869"]
[BlackElo "2022"]
[PlyCount "56"]
[EventDate "1979.01.12"]
[EventType "swiss"]
[EventRounds "3"]
[EventCountry "USA"]

1. f4 d5 2. Nf3 Nf6 3. b3 Bg4 4. e3 Nbd7 5. Bb2 e6 6. Be2 Bxf3 7. Bxf3 c6 8.
O-O Bd6 9. d3 O-O 10. Qe1 e5 11. Qh4 Qb6 12. d4 exf4 13. exf4 Rfe8 14. Nd2 Nf8
15. f5 h6 16. Rfe1 N8h7 17. Kh1 Qc7 18. Rad1 Rad8 19. c4 Ng5 20. Nf1 Qc8 21.
Bg4 Nge4 22. Kg1 g5 23. Qh3 Kg7 24. Bf3 Rh8 25. Bxe4 Nxe4 26. Rxe4 dxe4 27. d5+
f6 28. Ne3 h5 0-1

[Event "Montreal ch qual."]
[Site "Montreal CAN"]
[Date "1978.11.30"]
[Round "1"]
[White "Brodie, Hugh"]
[Black "Rousseau, Jean Francois"]
[Result "1/2-1/2"]
[WhiteElo "1737"]
[BlackElo "1900"]
[PlyCount "95"]
[EventDate "1978.11.30"]
[EventType "swiss"]
[EventRounds "5"]
[EventCountry "CAN"]

1. Nf3 Nf6 2. g3 d6 3. Bg2 e5 4. d3 g6 5. O-O Bg7 6. e4 O-O 7. Nc3 Nc6 8. Bd2
h6 9. Ne1 Ne8 10. f4 f5 11. fxe5 dxe5 12. exf5 Bxf5 13. Nf3 Qd7 14. Nh4 Bg4 15.
Rxf8+ Bxf8 16. Bf3 Bxf3 17. Qxf3 g5 18. Nf5 Nd6 19. Ne3 Nd4 20. Qd5+ Qe6 21.
Rf1 c6 22. Qxe6+ Nxe6 23. Ne2 Re8 24. Ng4 Bg7 25. Nf6+ Bxf6 26. Rxf6 Kg7 27.
Rf2 Nb5 28. Kg2 Kg6 29. a4 Nbd4 30. Nxd4 Nxd4 31. Bc3 g4 32. Bxd4 exd4 33. Kf1
c5 34. b3 h5 35. Re2 Rxe2 36. Kxe2 Kf5 37. Kd2 Ke5 38. Kc1 Kd5 39. Kb2 Kc6 40.
Ka3 Kd5 41. Kb2 a6 42. Ka3 Kc6 43. Kb2 b5 44. Ka2 Kd5 45. axb5 axb5 46. Ka3 Kc6
47. Kb2 Kb6 48. Ka2 1/2-1/2

[Event "Montreal ch qual."]
[Site "Montreal CAN"]
[Date "1978.12.01"]
[Round "2"]
[White "Amireault, Daniel"]
[Black "Brodie, Hugh"]
[Result "0-1"]
[WhiteElo "1532"]
[BlackElo "1737"]
[PlyCount "60"]
[EventDate "1978.11.30"]
[EventType "swiss"]
[EventRounds "5"]
[EventCountry "CAN"]

1. e4 c5 2. g3 Nc6 3. Bg2 g6 4. d3 Bg7 5. Ne2 d6 6. Nbc3 e5 7. Nd5 Be6 8. Ne3
Qd7 9. O-O Nge7 10. a3 O-O 11. f4 f5 12. c4 Nd4 13. Nxd4 exd4 14. Nc2 fxe4 15.
Bxe4 d5 16. cxd5 Nxd5 17. Qf3 Rad8 18. Rf2 b6 19. Rb1 Nf6 20. Qe2 Nxe4 21. Qxe4
Ba2 22. Ra1 Rde8 23. Qf3 Bb3 24. Qd1 Qa4 25. g4 Rf7 26. f5 Rfe7 27. Qd2 Bxc2
28. Qxc2 Re1+ 29. Kg2 Qc6+ 30. Kh3 R1e3+ 0-1

[Event "Montreal ch qual."]
[Site "Montreal CAN"]
[Date "1978.12.02"]
[Round "3"]
[White "Brodie, Hugh"]
[Black "Zurowski, Henry"]
[Result "1/2-1/2"]
[WhiteElo "1737"]
[BlackElo "1955"]
[PlyCount "91"]
[EventDate "1978.11.30"]
[EventType "swiss"]
[EventRounds "5"]
[EventCountry "CAN"]

1. Nf3 c5 2. b3 d5 3. e3 e6 4. Bb2 Nf6 5. Ne5 Bd6 6. f4 Qc7 7. Bb5+ Bd7 8.
Bxd7+ Nbxd7 9. Nxd7 Qxd7 10. O-O O-O-O 11. d3 Rhe8 12. Nd2 e5 13. f5 Qc6 14.
Qe2 Bc7 15. e4 dxe4 16. dxe4 Rxd2 17. Qxd2 Nxe4 18. Qe2 f6 19. c4 Rd8 20. Rad1
Rxd1 21. Rxd1 Nd6 22. g4 Ba5 23. Qd3 Qe4 24. Qxe4 Nxe4 25. Kg2 Kc7 26. Kf3 Nd6
27. Rd5 Kc6 28. Ba3 Bb6 29. Bc1 Ba5 30. Be3 Bb6 31. Rd1 Bc7 32. h3 Bb6 33. Ke2
Ne4 34. Kd3 Nd6 35. Rf1 Bd8 36. h4 h6 37. Bc1 Nf7 38. Bb2 Bc7 39. Ke4 Nd6+ 40.
Ke3 Nf7 41. Rg1 Nd6 42. Kf3 Bd8 43. Rd1 Bb6 44. Bc1 Bc7 45. Rd5 Bb6 46. Be3
1/2-1/2

[Event "Montreal ch qual."]
[Site "Montreal CAN"]
[Date "1978.12.02"]
[Round "4"]
[White "Barbeau, Sylvain"]
[Black "Brodie, Hugh"]
[Result "1-0"]
[WhiteElo "1935"]
[BlackElo "1737"]
[PlyCount "91"]
[EventDate "1978.11.30"]
[EventType "swiss"]
[EventRounds "5"]
[EventCountry "CAN"]

1. Nf3 Nf6 2. c4 d5 3. g3 g6 4. cxd5 Nxd5 5. Bg2 Bg7 6. Nc3 O-O 7. O-O Nc6 8.
Qb3 Nb6 9. d3 Bg4 10. Qd1 Qd7 11. Re1 Rad8 12. Bd2 Rfe8 13. Qc1 e5 14. Bh6 Bh8
15. Ng5 f6 16. h3 Bf5 17. g4 fxg5 18. gxf5 Qxf5 19. Bxg5 Rb8 20. Nd5 Qd7 21.
Nxb6 axb6 22. Qc4+ Kf8 23. Rac1 Qe6 24. Qh4 h5 25. b4 Qd6 26. Rc4 Nd4 27. f4
Nf5 28. Qf2 Kg8 29. e4 Nd4 30. f5 c6 31. Re3 Bf6 32. Rg3 Rf8 33. Bh6 g5 34.
Bxg5 Bxg5 35. Rxg5+ Kf7 36. Rxh5 Rg8 37. Rh7+ Rg7 38. Rxg7+ Kxg7 39. Kh1 Qh6
40. Qg3+ Kf6 41. Rxd4 Qc1+ 42. Kh2 exd4 43. Qxb8 Qe3 44. Qd6+ Kf7 45. Qg3 Qd2
46. e5 1-0

[Event "Montreal ch qual."]
[Site "Montreal CAN"]
[Date "1978.12.03"]
[Round "5"]
[White "Brodie, Hugh"]
[Black "Coupal, Pierre"]
[Result "1/2-1/2"]
[WhiteElo "1737"]
[BlackElo "1673"]
[PlyCount "62"]
[EventDate "1978.11.30"]
[EventType "swiss"]
[EventRounds "5"]
[EventCountry "CAN"]

1. Nf3 Nf6 2. g3 b6 3. Bg2 Bb7 4. c4 e6 5. O-O Be7 6. d3 O-O 7. Nc3 d6 8. e4 c5
9. Ne1 Nc6 10. f4 Nd7 11. Be3 Bf6 12. Nf3 g6 13. Qd2 Ne7 14. Bh3 d5 15. cxd5
exd5 16. exd5 Nxd5 17. Nxd5 Bxd5 18. d4 cxd4 19. Bxd4 Bxf3 20. Rxf3 Nc5 21. Rd1
Bxd4+ 22. Qxd4 a5 23. Rf2 Qxd4 24. Rxd4 Rad8 25. Rfd2 Rxd4 26. Rxd4 Re8 27. Kf2
Kf8 28. Bg2 h6 29. Rd6 Re6 30. Rd4 Ke7 31. Bf1 Rd6 1/2-1/2

[Event "Montreal ch qual."]
[Site "Montreal CAN"]
[Date "1978.12.03"]
[Round "6"]
[White "Laramee, Jean-Pierre"]
[Black "Brodie, Hugh"]
[Result "1/2-1/2"]
[WhiteElo "1596"]
[BlackElo "1737"]
[PlyCount "85"]
[EventDate "1978.11.30"]
[EventType "swiss"]
[EventRounds "5"]
[EventCountry "CAN"]

1. e4 e5 2. Nf3 f5 3. Bc4 fxe4 4. Nxe5 Nf6 5. Nf7 Qe7 6. Nxh8 d5 7. Be2 Nc6 8.
d4 Be6 9. Bg5 O-O-O 10. c3 Qd7 11. Nd2 Bd6 12. Ng6 hxg6 13. Qa4 Kb8 14. O-O-O
Bf5 15. h3 e3 16. Bxe3 Nb4 17. b3 Nc2 18. Nb1 Qe7 19. Kb2 Nxe3 20. fxe3 Ne4 21.
g4 Bd7 22. Bb5 Bxb5 23. Qxb5 Nf2 24. Qe2 Nxh1 25. Rxh1 Re8 26. Re1 c6 27. Qd3
Qf6 28. Nd2 a5 29. e4 Qf2 30. Re2 Qg1 31. Qc2 b5 32. e5 Bf8 33. Qb1 Qg3 34. Qf1
Qd3 35. Qf3 Ba3+ 36. Kxa3 Qc2 37. Qf1 Qxc3 38. Nb1 Qb4+ 39. Kb2 Qxd4+ 40. Ka3
Qb4+ 41. Kb2 Qd4+ 42. Ka3 Qb4+ 43. Kb2 1/2-1/2

[Event "Ottawa op"]
[Site "Ottawa CAN"]
[Date "1978.11.11"]
[Round "1"]
[White "Brodie, Hugh"]
[Black "Seguin, Hubert"]
[Result "1-0"]
[WhiteElo "1750"]
[BlackElo "1386"]
[PlyCount "63"]
[EventDate "1978.11.11"]
[EventType "swiss"]
[EventRounds "5"]
[EventCountry "CAN"]

1. e4 c5 2. Nf3 e6 3. Nc3 Nc6 4. d3 Nf6 5. g3 g6 6. Bg2 Bg7 7. O-O O-O 8. Nh4
Nd4 9. f4 d5 10. Ne2 Nxe2+ 11. Qxe2 d4 12. f5 e5 13. h3 b5 14. a4 Nh5 15. Kh2
b4 16. Bf3 Nf6 17. Qf2 a5 18. g4 Bb7 19. g5 Nd7 20. f6 Bh8 21. Bg4 c4 22. Nf3
cxd3 23. cxd3 Nc5 24. Nxe5 Nb3 25. Rb1 Nxc1 26. Rbxc1 Qd6 27. Qf4 Bc8 28. Bxc8
Rfxc8 29. Nxg6 Qxf4+ 30. Nxf4 Kf8 31. Nd5 Re8 32. Nc7 1-0

[Event "Ottawa op"]
[Site "Ottawa CAN"]
[Date "1978.11.11"]
[Round "2"]
[White "Billyard, Ron"]
[Black "Brodie, Hugh"]
[Result "1-0"]
[WhiteElo "1930"]
[BlackElo "1750"]
[PlyCount "110"]
[EventDate "1978.11.11"]
[EventType "swiss"]
[EventRounds "5"]
[EventCountry "CAN"]

1. e4 c6 2. d4 d5 3. Nc3 dxe4 4. Nxe4 Bf5 5. Ng3 Bg6 6. h4 h6 7. h5 Bh7 8. Nf3
e6 9. Bd3 Bxd3 10. Qxd3 Nf6 11. Be3 Nbd7 12. O-O-O Qc7 13. Kb1 O-O-O 14. Rh4
Nd5 15. Bd2 Be7 16. Rhh1 Nf4 17. Qe4 Bd6 18. Bxf4 Bxf4 19. Ne2 Bd6 20. Nc1 Nf6
21. Qe2 Rhe8 22. Nd3 c5 23. dxc5 Bxc5 24. Nxc5 Qxc5 25. Ne5 Qc7 26. c4 Rxd1+
27. Rxd1 Rd8 28. Rc1 Qe7 29. c5 Nd7 30. c6 Nxe5 31. cxb7+ Kxb7 32. Qb5+ Ka8 33.
Qxe5 f6 34. Qe4+ Kb8 35. Rc3 Rd1+ 36. Kc2 Rd5 37. Qc4 Qd7 38. Rb3+ Ka8 39. Qb4
Qc7+ 40. Rc3 Qd8 41. a3 Rd2+ 42. Kb1 Rd1+ 43. Ka2 Rd4 44. Qb3 Qd7 45. Re3 Rd6
46. f4 Rb6 47. Qc4 Qb7 48. Rb3 Rxb3 49. Qxb3 Qe4 50. Qf3 Qd5+ 51. Qxd5+ exd5
52. Kb3 Kb7 53. Kc3 Kc6 54. Kd4 Kd6 55. f5 a6 1-0

[Event "Ottawa op"]
[Site "Ottawa CAN"]
[Date "1978.11.11"]
[Round "3"]
[White "Winterton, Ken"]
[Black "Brodie, Hugh"]
[Result "1/2-1/2"]
[WhiteElo "1904"]
[BlackElo "1750"]
[PlyCount "114"]
[EventDate "1978.11.11"]
[EventType "swiss"]
[EventRounds "5"]
[EventCountry "CAN"]

1. e4 c5 2. Nf3 Nc6 3. Bb5 g6 4. O-O Bg7 5. Re1 Nf6 6. c3 O-O 7. d4 cxd4 8.
cxd4 d5 9. e5 Ne8 10. Bf4 Bg4 11. Bxc6 bxc6 12. h3 Bxf3 13. Qxf3 Nc7 14. Nc3
Ne6 15. Be3 Rb8 16. b3 Qd7 17. Qg4 h5 18. Qg3 Nc7 19. Na4 Na6 20. Rec1 e6 21.
Bd2 Rfc8 22. Qd3 Qb7 23. Nc5 Nxc5 24. Rxc5 Bf8 25. Rc2 c5 26. dxc5 Bxc5 27. b4
Bb6 28. Rac1 Rxc2 29. Rxc2 Rc8 30. Rxc8+ Qxc8 31. Be3 Kf8 32. a4 Ke7 33. Bg5+
Kd7 34. a5 Bd8 35. Qb5+ Kc7 36. Be3 Qb7 37. Qc5+ Kb8 38. Qf8 Qe7 39. Qh8 Kb7
40. Bc5 Qd7 41. Qh6 Qb5 42. Qf4 Qd7 43. Qf3 Bc7 44. Qe3 Bb8 45. Qd3 Qa4 46. Qd4
Qb5 47. Bd6 Qc6 48. Bxb8 Kxb8 49. Qf4 Qd7 50. Qd4 Kb7 51. Qc5 Qc6 52. Qe7+ Ka6
53. Qxf7 Kb5 54. Qf8 Qc3 55. Qb8+ Ka4 56. Qe8+ Kxb4 57. Qxe6 Qc1+ 1/2-1/2

[Event "Ottawa op"]
[Site "Ottawa CAN"]
[Date "1978.11.12"]
[Round "4"]
[White "Brodie, Hugh"]
[Black "Kirk, B."]
[Result "1-0"]
[WhiteElo "1750"]
[BlackElo "1600"]
[PlyCount "77"]
[EventDate "1978.11.11"]
[EventType "swiss"]
[EventRounds "5"]
[EventCountry "CAN"]

1. e4 e6 2. d3 d5 3. Nd2 dxe4 4. dxe4 e5 5. Ngf3 Bg4 6. Bc4 Bxf3 7. Qxf3 Nf6 8.
Qb3 Bc5 9. Bxf7+ Kf8 10. O-O Nbd7 11. Be6 g6 12. Qh3 h6 13. Nb3 Kg7 14. Bxd7
Nxd7 15. Nxc5 Nxc5 16. Qc3 Qe7 17. f3 Rhe8 18. Be3 Na4 19. Qb3 Nb6 20. Rad1
Rad8 21. Qb5 c6 22. Qe2 Qb4 23. c3 Qe7 24. Rxd8 Rxd8 25. Rd1 Re8 26. Qd2 Nc4
27. Bxh6+ Kf7 28. Qc1 Rd8 29. Rxd8 Qxd8 30. b3 Nb6 31. Qd2 Qe7 32. Bg5 Qe6 33.
Kf2 a5 34. Bd8 a4 35. Bxb6 axb3 36. axb3 Qxb3 37. Qd7+ Kg8 38. Qc8+ Kf7 39.
Qxb7+ 1-0

[Event "Ottawa op"]
[Site "Ottawa CAN"]
[Date "1978.11.12"]
[Round "5"]
[White "Brodie, Hugh"]
[Black "Dougherty, Doug"]
[Result "1-0"]
[WhiteElo "1750"]
[BlackElo "1886"]
[PlyCount "93"]
[EventDate "1978.11.11"]
[EventType "swiss"]
[EventRounds "5"]
[EventCountry "CAN"]

1. Nc3 g6 2. e4 Bg7 3. d4 d6 4. f4 Nd7 5. Nf3 f6 6. Bc4 e5 7. fxe5 fxe5 8. Ng5
Nb6 9. Nf7 Qh4+ 10. g3 Qh3 11. Bf1 Qe6 12. Nxh8 Bxh8 13. d5 Qe7 14. Be3 c6 15.
Qd2 cxd5 16. Nxd5 Nxd5 17. Qxd5 Nf6 18. Bb5+ Kd8 19. Qd3 Bg4 20. O-O Bh3 21.
Rfd1 d5 22. exd5 Qd6 23. c4 b6 24. Rac1 Bf5 25. Qb3 Ne4 26. Ba4 Rc8 27. Qb5 Bd7
28. Qxd7+ Qxd7 29. Bxd7 Kxd7 30. Rf1 Nd6 31. b3 Nf5 32. Kf2 e4 33. g4 Nd4 34.
Bxd4 Bxd4+ 35. Ke2 Re8 36. Rf7+ Kd6 37. Rd1 Be5 38. Ke3 Bxh2 39. Rh1 Bg3 40.
Rhxh7 g5 41. Rd7+ Kc5 42. Rde7 Rf8 43. Rhf7 Rh8 44. Kxe4 Rh2 45. Rxa7 Bf4 46.
Rxf4 gxf4 47. Kxf4 1-0

[Event "Summer Classic"]
[Site "Burlington USA"]
[Date "1978.08.19"]
[Round "1"]
[White "Carter, David"]
[Black "Brodie, Hugh"]
[Result "1-0"]
[WhiteElo "2103"]
[BlackElo "1825"]
[PlyCount "77"]
[EventDate "1978.08.19"]
[EventType "swiss"]
[EventRounds "4"]
[EventCountry "USA"]

1. e4 c5 2. Nf3 Nc6 3. Bb5 g6 4. O-O Bg7 5. c3 Nf6 6. Re1 O-O 7. d4 cxd4 8.
cxd4 d6 9. Nc3 Qb6 10. h3 a6 11. Ba4 Na5 12. Qe2 Qc7 13. e5 dxe5 14. dxe5 Nd7
15. e6 Nb6 16. exf7+ Rxf7 17. Bb3 Nxb3 18. axb3 h6 19. Be3 Nd7 20. Nd5 Qd8 21.
Rac1 Rxf3 22. Qxf3 Ne5 23. Qd1 Bf5 24. Bb6 Qf8 25. Bc5 Nd3 26. Nxe7+ Kh7 27.
Nxf5 Qxf5 28. Re7 Nxc1 29. Qxc1 Rc8 30. Qc3 Rg8 31. Bd4 Qf8 32. Rxb7 Kh8 33.
Bxg7+ Rxg7 34. Qxg7+ Qxg7 35. Rxg7 Kxg7 36. Kf1 Kf6 37. Ke2 Ke5 38. Kd3 Kd5 39.
b4 1-0